Tvorba a užitie spoločenského produktu a národného dôchodku v SSR

Gespeichert in:
Bibliographische Detailangaben
1. Verfasser: Grell, Michal
Format: Buchkapitel
Sprache:Slowakisch
Tags: Tag hinzufügen
Keine Tags, Fügen Sie das erste Tag hinzu!

MARC

LEADER 00000naa$a2200000$$$4500
001 0112272
005 20240502083259.1
041 0 |a slo 
044 |a CZ 
245 1 0 |a Tvorba a užitie spoločenského produktu a národného dôchodku v SSR  |c Michal Grell 
100 1 |a Grell, Michal